| 000 | 00430nam a2200169Ia 4500 | ||
|---|---|---|---|
| 008 | 240830s2008 xx 000 0 und d | ||
| 041 | _aeng | ||
| 082 | _a615.542/TEW | ||
| 100 | _aTEWARI,P.V. | ||
| 245 | _aINTRODUCTION TO KASAPA-SAMHITA | ||
| 250 | _a1 ST | ||
| 260 |
_aVARANASI _bCHAUKHAMBA VISWABARATI _c2008 |
||
| 300 | _a163p | ||
| 650 | _aBAL-ROG | ||
| 906 | _aINTRODUCTION TO KASAPA-SAMHITA | ||
| 999 |
_c1203411 _d1203411 |
||